Federal Tax Treatment of Foreign Income / (Registro nro. 7654)

Detalles MARC
000 -LEADER
fixed length control field 01006nam a2200229Ia 4500
003 - CONTROL NUMBER IDENTIFIER
control field OSt
005 - DATE AND TIME OF LATEST TRANSACTION
control field 20210421141150.0
008 - FIXED-LENGTH DATA ELEMENTS--GENERAL INFORMATION
fixed length control field 210310s1964 eu gr 100 0 eng d
040 ## - CATALOGING SOURCE
Original cataloging agency CO-JMCR
Transcribing agency CO-JMCR
041 0# - LANGUAGE CODE
Language code of text/sound track or separate title eng
082 04 - DEWEY DECIMAL CLASSIFICATION NUMBER
Classification number 336.2070973 /
Item number C748f
Edition number 23
111 2# - MAIN ENTRY--MEETING NAME
Meeting name or jurisdiction name as entry element Conference of experts Federal Tax Treatment of Foreign Income
Date of meeting or treaty signing (1964 :
Location of meeting Washington)
9 (RLIN) 37021
245 10 - TITLE STATEMENT
Title Federal Tax Treatment of Foreign Income /
Statement of responsibility, etc. Lawrence B.krause, Kenneth W. Dam
260 ## - PUBLICATION, DISTRIBUTION, ETC.
Place of publication, distribution, etc. Washington :
Name of publisher, distributor, etc. The Brookings Institution,
Date of publication, distribution, etc. 1964
300 ## - PHYSICAL DESCRIPTION
Other physical details 145 páginas ;
Dimensions 23 cm.
490 0# - SERIES STATEMENT
Series statement Studies of Government Finance ;
Volume/sequential designation 7
505 0# - FORMATTED CONTENTS NOTE
Formatted contents note Problems and Alternative Solutions -- Legislative Choices Among Alternative Proposals -- The Economic Effects of Taxing Foreign-Source Income -- Summary of Conference Discussion
650 14 - SUBJECT ADDED ENTRY--TOPICAL TERM
Topical term or geographic name entry element Impuestos
9 (RLIN) 15062
Form subdivision Inversión extranjera
Chronological subdivision 1960-1962
Geographic subdivision Estados Unidos
700 1# - ADDED ENTRY--PERSONAL NAME
Personal name krause, Lawrence B.,
Relator term autor
9 (RLIN) 37022
700 1# - ADDED ENTRY--PERSONAL NAME
Personal name Dam, Kenneth W.,
Relator term autor
9 (RLIN) 37023
942 ## - ADDED ENTRY ELEMENTS (KOHA)
Source of classification or shelving scheme Dewey Decimal Classification
Koha item type Books
Existencias
Withdrawn status Lost status Source of classification or shelving scheme Damaged status Not for loan Collection code Home library Current library Date acquired Source of acquisition Full call number Barcode Date last seen Copy number Koha item type
    Dewey Decimal Classification     Non-fiction Biblioteca Pública José María del Castillo y Rada Biblioteca Pública José María del Castillo y Rada 04/15/2018 Donación 336.2070973 / C748f 430003418 05/16/2024 Ej.1 Books